| 000 | 00512nam a2200169 a 4500 | ||
|---|---|---|---|
| 001 | 000036876 | ||
| 005 | 20200930080007.0 | ||
| 008 | 120203s1972 mx 000 0 spa d | ||
| 040 |
_aDO-SdBNP _bspa _cBNPHU |
||
| 082 |
_axxxx _bF911f |
||
| 100 | 1 |
_aFriedmann, Wolfgand _963244 |
|
| 240 | 1 | 3 |
_aThe future of the oceans _lEspañol |
| 245 | 1 | 3 |
_aEl futuro de los aceanos. / _cWolfgand Friedmann; José Meza Nieto. |
| 260 |
_aMéxico : _bRoble, _c1972. |
||
| 300 |
_a146 p ; _c22 cm. |
||
| 500 | _aTraducido del inglés | ||
| 999 |
_c36367 _d36367 |
||